00676npc a2200205Ia 4500001001300000003001000013008004100023040002500064041000700089100001900096240008200115245008200197250001100279260003300290300001100323500007000334650001600404700003000420700002000450onu23-35971 IT-MiCISF161014s9999||||xx | und|| aIT-MiCISFcIT-MiCISF aen aBongard Myriam aSocio-Economic Status and Living Arrangements of Older Persons in Switzerland 0aSocio-Economic Status and Living Arrangements of Older Persons in Switzerland a1a ed. a GenevabUnited Nationc2002 app. 59 a / anziani, situazione-demografica, abitazione, lavoro, salute /  aterza-età€ aSauvain-Dugerdil Claudine aSpahn Dominique